El problema del pecado original

Збережено в:
Бібліографічні деталі
Автор: Grelot, Pierre (Автор)
Формат: Книга
Мова:Іспанська
Опубліковано: Barcelona Herder 1970
Предмети:
Теги: Додати тег
Немає тегів, Будьте першим, хто поставить тег для цього запису!

MARC

LEADER 00000nam a2200000 a 4500
001 UCS9973
003 CL-VaPUC
008 971129e19700000SP |||||||||||||||||spa|d
082 0 4 |a 233.14  |b GRE  |2 21 
100 |a Grelot, Pierre  |e author  |9 522833 
245 1 3 |a El problema del pecado original 
300 |a 167 p 
942 |c BK 
945 |d 19971129 00:00:00  |a jquezada 
260 |a Barcelona  |b Herder  |c 1970 
650 0 |a Pecado  |9 314980 
650 0 |a Pecado original   |9 266246 
650 0 |a Biblia  |9 257603 
650 0 |a Hermenéutica  |9 269473 
650 0 |a Cristianismo  |9 257361 
650 0 |a Condición humana  |9 268683 
650 0 |a Teología   |9 258766 
583 |a last modification  |c 19971129 00:00:00  |k Rodrigo Vera 
999 |c 263637  |d 263635 
952 |0 0  |1 0  |4 0  |6 233_140000000000000_GRE_1970  |7 0  |8 A  |9 292993  |a BIBTEO  |b BIBTEO  |d 2019-11-19  |i 3368661  |o 233.14 GRE 1970  |p 3368661  |r 2025-01-17  |w 2019-11-19  |y BK  |k ICR